Novísima oda a Barcelona (Record no. 10222)

MARC details
000 -LEADER
campo de control de longitud fija 00887nam a2200253 i 4500
001 - NÚMERO DE CONTROL
campo de control 10222
003 - IDENTIFICADOR DE NÚMERO DE CONTROL
campo de control ES-MaACL
005 - FECHA Y HORA DE LA ÚLTIMA TRANSACCIÓN
campo de control 20250522202951.0
007 - CAMPO FIJO DE DESCRIPCIÓN FÍSICA--INFORMACIÓN GENERAL
campo de control de longitud fija t|
008 - DATOS DE LONGITUD FIJA--INFORMACIÓN GENERAL
campo de control de longitud fija 950322s1993 sp a |||| | spa d
020 ## - NÚMERO INTERNACIONAL ESTÁNDAR DEL LIBRO
Número Internacional Estándar del Libro 84-264-2778-2
080 ## - NÚMERO DE LA CLASIFICACIÓN DECIMAL UNIVERSAL
Número de la Clasificación Decimal Universal 86-16"19"
100 1# - ENTRADA PRINCIPAL--NOMBRE DE PERSONA
Nombre de persona Goytisolo, José Agustín,
Fechas asociadas al nombre 1928-
9 (RLIN) 59420
245 10 - MENCIÓN DEL TÍTULO
Título Novísima oda a Barcelona
Resto del título = Novíssima oda a Barcelona /
Mención de responsabilidad, etc. José Agustín Goytisolo ; prólogo = práoleg de Juan Ramón Masoliver ; ilustraciones = il-lustracions de Josep Guinovart.
246 31 - FORMA VARIANTE DEL TITULO
Título propio/Titulo breve Novíssima oda a Barcelona
250 ## - MENCION DE EDICION
Mención de edición 1ª ed.
260 ## - PUBLICACIÓN, DISTRIBUCIÓN, ETC.
Lugar de publicación, distribución, etc. Barcelona :
Nombre del editor, distribuidor, etc. Lumen,
Fecha de publicación, distribución, etc. 1993.
300 ## - DESCRIPCIÓN FÍSICA
Extensión 67, [10] p. :
Otras características físicas il. ;
Dimensiones 21 cm.
546 ## - NOTA DE IDIOMA
Nota de lengua/lenguaje Texto en castellano y catalán.
700 1# - ENTRADA AGREGADA--NOMBRE PERSONAL
Nombre de persona Masoliver, Juan Ramón,
Fechas asociadas al nombre 1910-1997
9 (RLIN) 78748
700 1# - ENTRADA AGREGADA--NOMBRE PERSONAL
Nombre de persona Guinovart, Josep.
9 (RLIN) 60869
852 ## - LOCALIZACIÓN
Ubicación ES-MaACL
Número de control de estantería L-17660
Holdings
Estatus retirado Estado de pérdida Estado de daño No para préstamo Biblioteca de origen Biblioteca actual Ubicación en estantería Fecha de adquisición Fuente de adquisición Total de préstamos Signatura topográfica completa Código de barras Visto por última vez Precio de reemplazo Tipo de ítem Koha
        Biblioteca del Ateneo de Madrid Biblioteca del Ateneo de Madrid Depósito 2 17/01/2008     L-17660 1010431 23/02/2023 23/02/2023 Libro impreso